The salvation of the unbeliever /

Bibliographic Details
Main Author: Lombardi, Riccardo, 1908-1979
Format: Book
Language:English
Italian
Published: Westminster, Md. : Newman Press, [1956]
Subjects:

MARC

Tag First Indicator Second Indicator Subfields
LEADER 00000cam a2200000 4500
001 in00000037767
005 20151222134407.0
008 730712s1956 mdu 00000 enge
010 |a  56011424  
035 |a (OCoLC)00655010 
035 |9 AAF5095AM 
040 |a DLC  |c ATO  |d OCL  |d TXA  |d UtOrBLW 
041 1 |a eng  |a ita 
049 |a TXAM  |c [276708] 
050 0 |a BT755  |b .L62 
082 0 |a 234 
092 |a 234  |b L842s 
100 1 |a Lombardi, Riccardo,  |d 1908-1979. 
245 1 4 |a The salvation of the unbeliever /  |c [Translated from the Italian by Dorothy M. White.]. 
264 1 |a Westminster, Md. :  |b Newman Press,  |c [1956] 
300 |a 376 pages ;  |c 23 cm. 
336 |a text  |b txt  |2 rdacontent 
337 |a unmediated  |b n  |2 rdamedia 
338 |a volume  |b nc  |2 rdacarrier 
504 |a Bibliography: pages 363-367. 
650 0 |a Faith. 
650 0 |a Salvation outside the Catholic Church. 
949 |a updated  |b h  |c 2003/6/17  |e fpiscitelli  |f 2:32:56 pm 
999 |a MARS 
999 f f |s acf67adb-6bfa-30c1-ab07-86f7d4dd8742  |i 9660ec80-1a93-3454-9c64-1c87529b4466  |t 0 
952 f f |p ric  |a Texas A&M University  |b Rellis Campus  |c Joint Library Facility  |d Remote Storage  |t 0  |e BT755 .L62  |h Library of Congress classification  |i unmediated -- volume  |m A14800608708 
998 f f |a BT755 .L62  |t 0  |l Remote Storage